Hình thức âm nhạc Giáo trình đào tạo giáo viên trung học cơ sở hệ cao đẳng sư phạm

में बचाया:
ग्रंथसूची विवरण
मुख्य लेखक: Nguyễn Thị Nhung
स्वरूप: पुस्तक
प्रकाशित: H. Giáo Dục 2000
संस्करण:Tái bản lần thứ 1
श्रृंखला:ĐTTS ghi: Bộ Giáo Dục và Đào Tạo
विषय:
टैग : टैग जोड़ें
कोई टैग नहीं, इस रिकॉर्ड को टैग करने वाले पहले व्यक्ति बनें!
Thư viện lưu trữ: Trung tâm Học liệu Lê Vũ Hùng, Trường Đại học Đồng Tháp
LEADER 01075pam a22002658a 4500
001 00022676
005 20171026081022.0
008 110601s2000 ||||||Viesd
020 |c 10400 
041 0 # |a Vie 
082 1 4 |a 781.8  |b H312TH 
100 0 # |a Nguyễn Thị Nhung 
245 0 0 |a Hình thức âm nhạc  |b Giáo trình đào tạo giáo viên trung học cơ sở hệ cao đẳng sư phạm  |c Nguyễn Thị Nhung 
250 # # |a Tái bản lần thứ 1 
260 # # |a H.  |b Giáo Dục  |c 2000 
300 # # |a 196 tr.  |c 20 cm. 
490 # # |a ĐTTS ghi: Bộ Giáo Dục và Đào Tạo 
653 # # |a Hình thức âm nhạc 
653 # # |a Âm nhạc 
852 # # |b Kho giáo trình  |j KGT.0014374, KGT.0014375, KGT.0014376, KGT.0014377, KGT.0014378 
852 # # |b Kho mượn  |j KGT.0014374 
852 # # |b Kho đọc  |j KD.0007599 
852 # # |j KD.0007599  |j KGT.0014374  |j KGT.0014375  |j KGT.0014377  |j KGT.0014378  |j KGT.0014376 
910 0 # |a kìm  |d 01/06/2011 
980 # # |a Trung tâm Học liệu Lê Vũ Hùng, Trường Đại học Đồng Tháp